000 00808nam a2200253 i 4500
001 16350
003 ES-MaACL
005 20230906151312.0
007 t|
008 000831s2000 sp ||||1| spa d
020 _a84-8191-307-3
080 _a821.133.1-84"19"
100 1 _aMichaux, Henri.
_980881
245 1 0 _aFrente a los cerrojos ; seguido de Puntos de referencia /
_cHenri Michaux ; traducción, introducción y notas de Julia Escobar.
250 _a1ª ed.
260 _aValencia :
_bPre-Textos,
_c2000.
300 _a445 p. ;
_c22 cm.
490 1 _aColección La cruz del sur ;
_v444
700 1 _aEscobar, Julia.
_947554
740 0 _aPuntos de referencia.
830 0 _aColección La cruz del sur ;
_v444
_9178835
852 _aES-MaACL
_jL-23597
_bR.128772
999 _c16350
_d16350